000 00203 a2200097 4500
001 3811
100 _aBullinger, C.E
245 _aEngineering economy
260 _a
_bMcgrawhill
_c
090 _c3044
_d3044
942 _aNUST-CAE
_cM
_c22714
999 _c238884
_d238884